000 00816nam a2200289 a 4500
003 AR-BaBNM
005 20251128210118.0
008 082120s2002 ||||||||||||||000 | spa||
020 _a958-04-0945-5
040 _cAR-BaBNM
100 1 _aCastilla, Julia Mercedes
245 0 0 _aAventuras de un niño de la calle
260 _aSantafé de Bogotá
_bNorma
_c1998
300 _a196 p.
_bil.
490 0 _aTorre de papel. Torre amarilla
_vv. 4
500 _aSe recomienda para niños a partir de 11 años
650 4 _aLITERATURA INFANTIL
650 4 _aLIBROS PARA NIÑOS
650 4 _aNIÑOS DE LA CALLE
650 4 _aPROBLEMAS SOCIALES
653 _aLITERATURA COLOMBIANA
653 _aCRITICA SOCIAL
653 _aLITERATURA COMPROMETIDA
655 _aLITERATURA
942 _cBK
998 _cMARTIN
999 _c14090
_d14090